000 00566nam a2200169Ia 4500
008 090124s9999 xx 000 0 und d
082 _b21913
_a2608
100 _aमिराशी वा. वि.
245 _a संशोधनमुक्तावली 3 रा
250 _a1
300 _a231
600 _aमिराशी वा. वि.
630 _a संशोधनमुक्तावली 3 रा
700 _aमिराशी वा. वि.
730 _a संशोधनमुक्तावली 3 रा
942 _cBOOK
999 _c135560
_d135560